Logo BPK

Biblioteka

Politechniki Koszalińskiej

Analiza finansowa w przedsiębiorstwie / (Rekord nr 33250)

Szczegóły MARC
000 -ETYKIETA REKORDU
podpole kontrolne o stałej długości 00701nam a2200229 i 4500
001 - NUMER KONTROLNY REKORDU
pole kontrolne bg
020 ## - MIĘDZYNARODOWY ZNORMALIZOWANY NUMER KSIĄŻKI - ISBN
ISBN 8386543876
040 ## - ŹRÓDŁO KATALOGOWANIA
Instytucja, która utworzyła rekord BPK
041 0# - KOD JĘZYKA
Kod języka tekstu pl
080 ## - UNIWERSALNA KLASYFIKACJA DZIESIĘTNA - UKD
UKD 658.14/.17:657
920 ## - Międzynarodowy znormalizowany numer książki – ISBN
ISBN 83-86543-87-6
008 - POLE O STAŁEJ DŁUGOŚCI - DANE KONTROLNE
podpole kontrolne o stałej długości s pl f |000 0 pol
100 1# - NAZWA OSOBOWA
Nazwa osobowa WAŚNIEWSKI, Tadeusz
245 10 - TYTUŁ/ODPOWIEDZIALNOŚĆ
Tytuł Analiza finansowa w przedsiębiorstwie /
Pozostałe elementy strefy tytułu i oznaczenia odpowiedzialności Tadeusz Waśniewski ; Fundacja Rozwoju Rachunkowości w Polsce.
260 ## - STREFA ADRESU WYDAWNICZEGO
Miejsce wydania Warszawa :
Nazwa wydawcy/dystrybutora FRR,
Data publikacji, dystrybucji/powstania dokumentu 1997.
300 ## - STREFA OPISU FIZYCZNEGO
Objętość 477 s. :
Inne cechy fizyczne 4 wykr. ;
Rozmiary 24 cm.
504 ## - UWAGA DOTYCZĄCA BIBLIOGRAFII
Informacje o bibliografii Bibliogr. s. 473-477.
650 #9 - HASŁO PRZEDMIOTOWE W FORMIE NAZWY OGÓLNEJ LUB JEDNOSTKOWEJ
Nazwa ogólna lub geograficzna Przedsiębiorstwo
Określnik ogólny finanse
-- badanie
650 #9 - HASŁO PRZEDMIOTOWE W FORMIE NAZWY OGÓLNEJ LUB JEDNOSTKOWEJ
Nazwa ogólna lub geograficzna Rachunkowość
710 #0 - HASŁO DODATKOWE - NAZWA CIAŁA ZBIOROWEGO
Nazwa ciała zbiorowego lub jednostki geograficznej FUNDACJA ROZWOJU RACHUNKOWOŚCI w Polsce (Warszawa)
856 ## - LOKALIZACJA I DOSTĘP DO ELEKTRONICZNYCH DOKUMENTÓW ZDALNYCH
Link (URL) http://koha.tu.koszalin.pl/cgi-bin/koha/opac-detail.pl?biblionumber=33250
Tekst linku Katalog online BPK
942 ## - DODATKOWE ELEMENTY (KOHA)
Typ dokumentu Książka
Egzemplarze
Wycofany Status egzemplarza Uszkodzony Dostępność Lokalizacja stała Lokalizacja bieżąca Miejsce przechowywania Sygnatura Kod kreskowy Dział Typ dokumentu
      Tylko na miejscu Biblioteka Politechniki Koszalińskiej Biblioteka Politechniki Koszalińskiej Czytelnia BG 43190 01339611 658.14/.17 Zagadnienia finansowe przedsiębiorstw Książka
      Tylko na miejscu Biblioteka Politechniki Koszalińskiej Biblioteka Politechniki Koszalińskiej Czytelnia Wydziałowa ul. Kwiatkowskiego 6e 43191 01339628 658.14/.17 Finanse przedsiębiorstwa Książka
© 2023 Biblioteka Politechniki Koszalińskiej :: KOHA